| 000 | 00529nam a2200157 4500 | ||
|---|---|---|---|
| 005 | 20260207152711.0 | ||
| 020 | _a9789348009760 | ||
| 082 |
_a324.21759 _bBAB.C |
||
| 084 | _2Colon Classification | ||
| 100 |
_aബേബി ,എം എ _99668 |
||
| 245 | _aകമ്യൂണിസ്റ്റ് പാര്ട്ടികളുടെ ചരിത്രത്തിലൂടെ | ||
| 260 |
_aThiruvananthapuram: _bChintha Publishers, _c 2024. |
||
| 300 | _a240p. | ||
| 650 |
_aPolitical history _99669 |
||
| 942 |
_2ddc _cGEN |
||
| 999 |
_c755980 _d755980 |
||